[Event "Zehlendorf op 14th"]
[Site "Berlin"]
[Date "2014.06.05"]
[Round "4"]
[White "Haar, Reinhard"]
[Black "Boehme, Joachim"]
[Result "0-1"]
[WhiteElo "1694"]
[BlackElo "1841"]
[PlyCount "58"]
[EventDate "2014.05.08"]
[EventType "swiss"]
[EventRounds "7"]
[EventCountry "GER"]
[SourceTitle "EXT 2023"]
[Source "ChessBase"]
[SourceDate "2022.10.05"]
[SourceVersion "1"]
[SourceVersionDate "2022.10.05"]
[SourceQuality "1"]

1. d4 d5 2. c4 c6 3. cxd5 cxd5 4. Nc3 Nf6 5. Nf3 Nc6 6. Bf4 e6 7. e3 Be7 8. Be2 0-0 9. 0-0 Nh5 10. Ne5 Nxf4 11. exf4 Qb6 12. Nxc6 bxc6 13. b3 Bf6 14. Na4 Qxd4 15. Qxd4 Bxd4 16. Rac1 Bd7 17. Rfd1 Bb6 18. Ba6 Bc8 19. Bxc8 Rfxc8 20. Nc5 Bxc5 21. Rxc5 a5 22. Rb1 Kf8 23. g3 Ke7 24. a3 Kd6 25. b4 axb4 26. axb4 Rc7 27. Ra5 Rxa5 28. bxa5 Ra7 29. a6 Kc7 0-1

[Event "Zehlendorf op"]
[Site "Berlin"]
[Date "2012.05.10"]
[Round "1"]
[White "Boehme, Joachim"]
[Black "Sommer, Horst"]
[Result "1/2-1/2"]
[WhiteElo "1871"]
[BlackElo "1280"]
[PlyCount "56"]
[EventDate "2012.05.10"]
[EventType "swiss"]
[EventRounds "7"]
[EventCountry "GER"]
[SourceTitle "EXT 2022"]
[Source "ChessBase"]
[SourceDate "2021.10.06"]
[SourceVersion "1"]
[SourceVersionDate "2021.10.06"]
[SourceQuality "1"]

1. d4 Nf6 2. Nf3 e6 3. Bf4 c6 4. e3 Qb6 5. b3 Ne4 6. Bd3 Bb4+ 7. Nbd2 Nxd2 8. Nxd2 Qa5 9. a4 d5 10. e4 Bc3 11. Rb1 Bxd4 12. exd5 e5 13. Bg3 Bc3 14. Qe2 Bxd2+ 15. Qxd2 Qxd5 16. 0-0 0-0 17. Rfe1 Nd7 18. Qe3 Re8 19. Rbd1 Qe6 20. Qe4 g6 21. Bc4 Qf6 22. f4 Nc5 23. Qe3 Qe7 24. fxe5 Be6 25. Bxe6 Nxe6 26. Qh6 Qc5+ 27. Kh1 Qxc2 28. Qe3 Rad8 1/2-1/2

[Event "Berlin op 10"]
[Site "Berlin"]
[Date "2005.10.27"]
[Round "3"]
[White "Gnass, Erhard"]
[Black "Boehme, Joachim"]
[Result "1/2-1/2"]
[WhiteElo "1467"]
[BlackElo "1723"]
[PlyCount "61"]
[EventDate "2005.10.13"]
[EventType "swiss"]
[EventRounds "7"]
[EventCountry "GER"]
[SourceTitle "EXT 2007"]
[Source "ChessBase"]
[SourceDate "2006.11.23"]
[SourceVersion "1"]
[SourceVersionDate "2006.11.23"]
[SourceQuality "1"]

1. Nf3 d5 2. d4 c6 3. g3 e6 4. Bg2 f5 5. Nbd2 Nf6 6. Ne5 Be7 7. Ndf3 0-0 8. Bg5 Qe8 9. e3 h6 10. Bxf6 Bxf6 11. c3 Nd7 12. Qb3 a5 13. 0-0 Nxe5 14. Nxe5 g5 15. f4 g4 16. c4 Kg7 17. cxd5 exd5 18. Kf2 h5 19. Rh1 a4 20. Qb6 Bd8 21. Qc5 Qe7 22. Qxe7+ Bxe7 23. h3 Be6 24. hxg4 hxg4 25. Rac1 Rh8 26. Nd3 Rxh1 27. Rxh1 Bf7 28. Rc1 Be8 29. Ne5 Ra6 30. Bf1 Rb6 31. Nd3 1/2-1/2

[Event "Berlin-ch Seniors op 21st"]
[Site "Berlin"]
[Date "2005.02.05"]
[Round "9"]
[White "Boehme, Joachim"]
[Black "Scharkowski, Albrecht"]
[Result "1/2-1/2"]
[WhiteElo "1730"]
[BlackElo "1644"]
[PlyCount "46"]
[EventDate "2005.01.28"]
[EventType "swiss"]
[EventRounds "9"]
[EventCountry "GER"]
[SourceTitle "EXT 2007"]
[Source "ChessBase"]
[SourceDate "2006.11.23"]
[SourceVersion "1"]
[SourceVersionDate "2006.11.23"]
[SourceQuality "1"]

1. d4 d6 2. c4 e5 3. d5 f5 4. Nc3 Nf6 5. g3 Be7 6. Bg2 0-0 7. e3 a6 8. Nge2 Nbd7 9. b3 Rb8 10. a4 Qe8 11. Ba3 b6 12. 0-0 Nc5 13. b4 Nce4 14. Qc2 Nxc3 15. Nxc3 Bd7 16. Bb2 Nh5 17. f4 Bf6 18. Ne2 exf4 19. exf4 Bxb2 20. Qxb2 Nf6 21. Nd4 Ne4 22. c5 a5 23. Rae1 Qg6 1/2-1/2

[Event "Berlin-ch Seniors op 21st"]
[Site "Berlin"]
[Date "2005.02.02"]
[Round "6"]
[White "Lukas, Wilmar"]
[Black "Boehme, Joachim"]
[Result "1-0"]
[WhiteElo "1798"]
[BlackElo "1730"]
[PlyCount "43"]
[EventDate "2005.01.28"]
[EventType "swiss"]
[EventRounds "9"]
[EventCountry "GER"]
[SourceTitle "EXT 2007"]
[Source "ChessBase"]
[SourceDate "2006.11.23"]
[SourceVersion "1"]
[SourceVersionDate "2006.11.23"]
[SourceQuality "1"]

1. e4 c6 2. d4 d5 3. Nc3 dxe4 4. Nxe4 Bf5 5. Ng3 Bg6 6. c3 e6 7. N1e2 h6 8. Nf4 Bh7 9. Bc4 Nf6 10. 0-0 Be7 11. Bxe6 fxe6 12. Nxe6 Qd7 13. Nxg7+ Kf7 14. Bxh6 Bg6 15. Qd2 Bf8 16. f4 Bxg7 17. Bxg7 Kxg7 18. f5 Bf7 19. Qg5+ Kf8 20. Qxf6 Rg8 21. Qh6+ Rg7 22. f6 1-0

[Event "Berlin-ch Seniors op 21st"]
[Site "Berlin"]
[Date "2005.01.30"]
[Round "3"]
[White "Boehme, Joachim"]
[Black "Schulz, Manfred"]
[Result "1/2-1/2"]
[WhiteElo "1730"]
[BlackElo "1573"]
[PlyCount "81"]
[EventDate "2005.01.28"]
[EventType "swiss"]
[EventRounds "9"]
[EventCountry "GER"]
[SourceTitle "EXT 2007"]
[Source "ChessBase"]
[SourceDate "2006.11.23"]
[SourceVersion "1"]
[SourceVersionDate "2006.11.23"]
[SourceQuality "1"]

1. d4 Nf6 2. c4 c5 3. d5 d6 4. Nc3 g6 5. Nf3 Bg7 6. g3 0-0 7. Bg2 Bg4 8. 0-0 Na6 9. h3 Bf5 10. Nh4 Bd7 11. e4 Nc7 12. a4 a6 13. Qd3 Rb8 14. a5 b5 15. axb6 Rxb6 16. Re1 Qc8 17. Kh2 Re8 18. f4 Kf8 19. Nf3 Rb3 20. g4 h5 21. g5 Nh7 22. Re2 Rd8 23. Be3 e6 24. Rf1 exd5 25. cxd5 Bb5 26. Qd2 Bxe2 27. Qxe2 Qb7 28. Rf2 Re8 29. e5 dxe5 30. Bxc5+ Kg8 31. fxe5 Nxd5 32. Bd4 Nxc3 33. Bxc3 Qc7 34. Kg1 a5 35. Qe4 Nf8 36. Nd4 Rxc3 37. bxc3 Qxc3 38. Qf4 Qe1+ 39. Rf1 Qxe5 40. Qxf7+ Kh7 41. Nf3 1/2-1/2

[Event "Mecklenburg VP-ch Seniors 01st"]
[Site "Plau am See"]
[Date "2001.10.09"]
[Round "5"]
[White "Hincke, Guenther"]
[Black "Boehme, Joachim"]
[Result "1/2-1/2"]
[WhiteElo "1916"]
[BlackElo "1838"]
[PlyCount "34"]
[EventDate "2001.10.??"]
[EventType "swiss"]
[EventRounds "9"]
[EventCountry "GER"]
[SourceTitle "EXT 2006"]
[Source "ChessBase"]
[SourceDate "2005.11.24"]
[SourceVersion "1"]
[SourceVersionDate "2005.11.24"]
[SourceQuality "1"]

1. e4 c6 2. d4 d5 3. Nc3 dxe4 4. Nxe4 Bf5 5. Ng3 Bg6 6. Nf3 Nd7 7. Bc4 Ngf6 8. Qe2 e6 9. Nh4 Bd6 10. Nxg6 hxg6 11. Bg5 Qc7 12. 0-0-0 0-0-0 13. Kb1 Bf4 14. Bxf4 Qxf4 15. Bb3 Nb6 16. h3 Rxd4 17. Rxd4 Qxd4 1/2-1/2

[Event "Berlin-ch Seniors op 17th"]
[Site "Berlin"]
[Date "2001.03.15"]
[Round "7"]
[White "Schmaelzle, Gerhard"]
[Black "Boehme, Joachim"]
[Result "1-0"]
[WhiteElo "1891"]
[BlackElo "1810"]
[PlyCount "103"]
[EventDate "2001.02.??"]
[EventType "swiss"]
[EventRounds "9"]
[EventCountry "GER"]
[SourceTitle "EXT 2006"]
[Source "ChessBase"]
[SourceDate "2005.11.24"]
[SourceVersion "1"]
[SourceVersionDate "2005.11.24"]
[SourceQuality "1"]

1. e4 c6 2. d4 d5 3. e5 Bf5 4. Ne2 e6 5. Ng3 Bg6 6. h4 h6 7. h5 Bh7 8. Bd3 Bxd3 9. Qxd3 c5 10. c3 Nc6 11. Nd2 Qb6 12. Nf3 cxd4 13. cxd4 Bb4+ 14. Bd2 Nge7 15. a3 Bxd2+ 16. Qxd2 0-0 17. 0-0 Na5 18. b4 Nc4 19. Qf4 Rfc8 20. Ne2 Qd8 21. g4 Rc7 22. Ng3 Qf8 23. g5 Kh7 24. Kh1 Rac8 25. Rg1 Nb2 26. gxh6 gxh6 27. Qf6 Nd3 28. Ne1 Nxe1 29. Raxe1 Rc3 30. Re3 Rc1 31. Rxc1 Rxc1+ 32. Kg2 Rc7 33. Rf3 Nc8 34. Qxe6 fxe6 35. Rxf8 Nb6 36. Rf6 Re7 37. Ne2 Nd7 38. Rg6 b5 39. Nf4 Nf8 40. Rf6 Kg7 41. Nd3 Nd7 42. Rg6+ Kh7 43. Nc5 Nf8 44. Rf6 Kg7 45. f4 Rf7 46. Rxf7+ Kxf7 47. Kf3 Ke7 48. Kg4 Nh7 49. f5 exf5+ 50. Kxf5 Ng5 51. Kg6 Nf3 52. Nb3 1-0